header

No fear (Record no. 130623)

MARC details
000 -LEADER
fixed length control field 01955nam a2200433 a 4500
082 04 - DEWEY DECIMAL CLASSIFICATION NUMBER
Classification number 363.7092
-- B
100 1# - MAIN ENTRY--AUTHOR NAME
Personal name Coleman-Adebayo, Marsha.
245 10 - TITLE STATEMENT
Title No fear
260 ## - PUBLICATION, DISTRIBUTION, ETC. (IMPRINT)
Place of publication Chicago, Ill. :
Name of publisher Lawrence Hill Books,
Year of publication 2011.
300 ## - PHYSICAL DESCRIPTION
Number of Pages xxv, 454 p.
650 #0 - SUBJECT ADDED ENTRY--TOPICAL TERM
Topical Term Political scientists
Topical Term African American political scientists
Topical Term Whistle blowing
Topical Term Vanadium industry
Topical Term Social responsibility of business.
700 1# - ADDED ENTRY--PERSONAL NAME
Personal name Chomsky, Noam.
Personal name Fauntroy, Walter.
856 40 - ELECTRONIC LOCATION AND ACCESS
Uniform Resource Identifier http://site.ebrary.com/lib/rucke/Doc?id=10495485

No items available.

© 2026 Rongo University
Contact us: librarian | system librarian | Rongo university